Bible festivals and holy days. (Record no. 2534)

000 -LEADER
fixed length control field 00898nam a2200217 a 4500
001 - CONTROL NUMBER
control field :::00000259$&:&@@
003 - CONTROL NUMBER IDENTIFIER
control field OkBaRHE
005 - DATE AND TIME OF LATEST TRANSACTION
control field 20000607103237.0
008 - FIXED-LENGTH DATA ELEMENTS--GENERAL INFORMATION
fixed length control field s1968 j 000 0 eng u
040 ## - CATALOGING SOURCE
Transcribing agency
100 1# - MAIN ENTRY--PERSONAL NAME
Personal name Bates, Barbara S.
245 10 - TITLE STATEMENT
Title Bible festivals and holy days.
Statement of responsibility, etc Illustrated by Don Fields.
260 ## - PUBLICATION, DISTRIBUTION, ETC. (IMPRINT)
Place of publication, distribution, etc Nashville, TN., :
Name of publisher, distributor, etc Broadman Press
Date of publication, distribution, etc c1968
300 ## - PHYSICAL DESCRIPTION
Extent viii, 118 p. : illus. ;
Dimensions 21 cm.
520 ## - SUMMARY, ETC.
Summary, etc Explains the origins of Jewish holy days or festivals and describes the religious ceremonies and celebrations that are performed in synagogue and home.
650 ## - SUBJECT ADDED ENTRY--TOPICAL TERM
Topical term or geographic name as entry element Fasts and Feasts
General subdivision Judaism
650 ## - SUBJECT ADDED ENTRY--TOPICAL TERM
Topical term or geographic name as entry element Fasts and Feasts
General subdivision Judaism
-- Juvenile Literature
700 ## - ADDED ENTRY--PERSONAL NAME
Personal name Fields, Don, Illus.
942 ## - ADDED ENTRY ELEMENTS (KOHA)
Source of classification or shelving scheme
Koha item type Books
Copies
Copy number Permanent Location Full call number Date checked out Barcode Not for loan Lost status Total Renewals Date acquired Damaged status Total Checkouts Price effective from Source of classification or shelving scheme Date last seen Current Location Shelving location Withdrawn status Koha item type
1RHEMA Bible Training CollegeBM 690 .B282011-12-09259  12010-04-14 22010-04-14 2018-01-09RHEMA Bible Training CollegeGeneral Stacks Books